<?xml version="1.0" encoding="UTF-8"?>
<record
    xmlns:xsi="http://www.w3.org/2001/XMLSchema-instance"
    xsi:schemaLocation="http://www.loc.gov/MARC21/slim http://www.loc.gov/standards/marcxml/schema/MARC21slim.xsd"
    xmlns="http://www.loc.gov/MARC21/slim">

  <leader>01293nam a22001937a 4500</leader>
  <controlfield tag="003">IT-RoPau</controlfield>
  <controlfield tag="005">20220918175938.0</controlfield>
  <controlfield tag="008">130123b        xxu||||| |||| 00| 0 eng d</controlfield>
  <datafield tag="040" ind1=" " ind2=" ">
    <subfield code="c">IT-RoPau</subfield>
  </datafield>
  <datafield tag="100" ind1=" " ind2=" ">
    <subfield code="a">Spoletini, Domenico</subfield>
    <subfield code="c">ssp</subfield>
    <subfield code="9">179</subfield>
  </datafield>
  <datafield tag="245" ind1=" " ind2=" ">
    <subfield code="a">Don Alberione Comunicatore del Vangelo</subfield>
  </datafield>
  <datafield tag="250" ind1=" " ind2=" ">
    <subfield code="a">1&#xB0; ed.</subfield>
  </datafield>
  <datafield tag="260" ind1=" " ind2=" ">
    <subfield code="a">Roma</subfield>
    <subfield code="b">Casa Generalizia Societ&#xE0; San Paolo</subfield>
    <subfield code="c">2003</subfield>
  </datafield>
  <datafield tag="300" ind1=" " ind2=" ">
    <subfield code="a">64 p.</subfield>
    <subfield code="c">21 cm</subfield>
  </datafield>
  <datafield tag="490" ind1=" " ind2=" ">
    <subfield code="a">1</subfield>
  </datafield>
  <datafield tag="500" ind1=" " ind2=" ">
    <subfield code="a">Pubblicazione fuori commercio- Uso manoscritto.</subfield>
  </datafield>
  <datafield tag="520" ind1=" " ind2=" ">
    <subfield code="a">INDICE
Presentazione;
UN DESTINO SINGOLARE;
La "notte santa" dello spirito;
Un piccolo prete che guarda lontano;
DUE PICCOLE "BETLEMME";
Un educatore e i suoi capolavori;
Per alimentare le radici;
"PASSARE TRA GOCCIA E GOCCIA";
Un giornale per ogni categoria;
La parola di Dio, centro della missione;
"LA NOSTRA PARROCCHIA E' IL MONDO";
Il vangelo nelle sale cinematografiche;
Coscienza viva della sua missione;
Don Alberione al Concilio Vaticano II;
COSA SIGNIFICA EVANGELIZZARE CON I MEZZI DELLA COMUNICAZIONE SOCIALE;
Processi necessari;
La professionalit&#xE0;;
L'organizzazione comunitaria;
L'anima della missione paolina;
IL VOLTO UMANO DI UN UOMO DI DIO;
Le dimensioni della sua umanit&#xE0;;
Ora appartiene alla Chiesa e al mondo;
Proclamato beato;
PENSIERI;
PREGHIERE.</subfield>
  </datafield>
  <datafield tag="942" ind1=" " ind2=" ">
    <subfield code="2">ddc</subfield>
    <subfield code="c">BK</subfield>
  </datafield>
  <datafield tag="999" ind1=" " ind2=" ">
    <subfield code="c">37823</subfield>
    <subfield code="d">37823</subfield>
  </datafield>
  <datafield tag="952" ind1=" " ind2=" ">
    <subfield code="0">0</subfield>
    <subfield code="1">0</subfield>
    <subfield code="2">ddc</subfield>
    <subfield code="4">0</subfield>
    <subfield code="6">P_B2</subfield>
    <subfield code="7">1</subfield>
    <subfield code="a">PAULUS</subfield>
    <subfield code="b">PAULUS</subfield>
    <subfield code="d">2013-01-23</subfield>
    <subfield code="l">0</subfield>
    <subfield code="o">P B2</subfield>
    <subfield code="r">2013-01-23 00:00:00</subfield>
    <subfield code="w">2013-01-23</subfield>
    <subfield code="y">BK</subfield>
  </datafield>
  <datafield tag="952" ind1=" " ind2=" ">
    <subfield code="0">0</subfield>
    <subfield code="1">0</subfield>
    <subfield code="2">ddc</subfield>
    <subfield code="4">0</subfield>
    <subfield code="6">P_B2</subfield>
    <subfield code="7">1</subfield>
    <subfield code="a">PAULUS</subfield>
    <subfield code="b">PAULUS</subfield>
    <subfield code="d">2013-12-02</subfield>
    <subfield code="l">0</subfield>
    <subfield code="o">P B2</subfield>
    <subfield code="r">2013-12-02 00:00:00</subfield>
    <subfield code="w">2013-12-02</subfield>
    <subfield code="y">BK</subfield>
  </datafield>
  <datafield tag="952" ind1=" " ind2=" ">
    <subfield code="0">0</subfield>
    <subfield code="1">0</subfield>
    <subfield code="2">ddc</subfield>
    <subfield code="4">0</subfield>
    <subfield code="6">P_B2</subfield>
    <subfield code="7">1</subfield>
    <subfield code="a">PAULUS</subfield>
    <subfield code="b">PAULUS</subfield>
    <subfield code="d">2013-12-02</subfield>
    <subfield code="l">0</subfield>
    <subfield code="o">P B2</subfield>
    <subfield code="r">2013-12-02 00:00:00</subfield>
    <subfield code="w">2013-12-02</subfield>
    <subfield code="y">BK</subfield>
  </datafield>
  <datafield tag="952" ind1=" " ind2=" ">
    <subfield code="0">0</subfield>
    <subfield code="1">0</subfield>
    <subfield code="2">ddc</subfield>
    <subfield code="4">0</subfield>
    <subfield code="6">P_B2</subfield>
    <subfield code="7">1</subfield>
    <subfield code="a">PAULUS</subfield>
    <subfield code="b">PAULUS</subfield>
    <subfield code="d">2013-12-02</subfield>
    <subfield code="l">0</subfield>
    <subfield code="o">P B2</subfield>
    <subfield code="r">2013-12-02 00:00:00</subfield>
    <subfield code="w">2013-12-02</subfield>
    <subfield code="y">BK</subfield>
  </datafield>
</record>
